Statistics for Monarch Countries

Click here to take the quiz!

General Stats

  • This quiz has been taken 267 times
  • The average score is 29 of 44

Answer Stats

Countries% Correct
United Kingdom
96%
Norway
92%
Sweden
92%
Spain
90%
Netherlands
89%
Denmark
88%
Saudi Arabia
84%
Belgium
83%
Monaco
81%
Thailand
79%
United Arab Emirates
77%
Qatar
76%
Andorra
75%
Australia
75%
Japan
75%
Oman
75%
Luxembourg
74%
Brunei
71%
Canada
71%
Jordan
71%
New Zealand
71%
Bahrain
68%
Bhutan
63%
Kuwait
63%
Liechtenstein
62%
Malaysia
62%
Morocco
61%
Tonga
61%
Lesotho
57%
Antigua & Barbuda
56%
Jamaica
56%
Saint Kitts & Nevis
56%
Bahamas
54%
Barbados
54%
Cambodia
54%
Saint Lucia
54%
Saint Vincent & the Grenadines
53%
Swaziland
53%
Tuvalu
51%
Solomon Islands
48%
Grenada
46%
Belize
43%
Papua New Guinea
43%
Vatican City
43%

Score Distribution

Percentile by Number Answered

Percent of People with Each Score

Your Score History

You have not taken this quiz